000 00673nam a2200193 4500
008 011129s1992 us 1 engYA
020 _a0819185655
090 _aZ7751
_bK44r
100 1 _aKepple, Robert J.
245 1 0 _aReference work for theological research :
_ban annotated selective bibliographical guide /
_cRobert J. Kepple, John R. Muether.
250 _a3rd ed.
260 _aLanham :
_bUniversity Press of America,
_cc1992.
300 _axiv, 250 p.
504 _aIncludes index
650 4 _aReligion
_xBibliography.
650 4 _aTheology
_xBibliography.
700 1 _aMuether, John R.
951 _p21783
_x00013760
_oZ7751/K44r
_j070613111022781
_d2000-12-21
_cGC
999 _c5126
_d5126